000
00393nam a22001697a 4500
003
MPLRDC
005
20220104123459.0
008
210129b ||||| |||| 00| 0 eng d
082
_a
528.972 LYA
100
_a
李英昂
245
_a
太极十三枪谱注
_c
250
_a
二版
260
_a
_b
麒麟图书公司
_c
1966
300
_b
平
650
_a
太极
942
_c
BK
_o
528.972 LYA
999
_c
11756
_d
11746